Priestorové plánovanie, etika a náboženstvo II.Planning, ethics, and religion II.

Na minha lista:
Detalhes bibliográficos
Formato: Livro
Publicado em: Bratislava : Spectra Centrum Excelencie STU, 2002
Tags: Adicionar Tag
Sem tags, seja o primeiro a adicionar uma tag!

MARC

LEADER 00000nam a22000003a 4500
001 stu77750
005 20230214102116.9
008 021029s2002----------------------------d
020 |a 80-88999-16-2 
040 |a STU  |b slo 
100 1 |a Petríková, Dagmar  |4 lso  |u A440  |U FAD Fakulta architektúry  |T FAD Ústav Urbanizmu  |U A440  |Y 138 
245 1 |a Priestorové plánovanie, etika a náboženstvo II.Planning, ethics, and religion II. 
260 |a Bratislava :  |b Spectra Centrum Excelencie STU,  |c 2002 
300 |a 227 s 
996 |b 284AS01746  |c A*3641 S  |l AAKNAR  |s A  |a 24  |w stu77750_0001 
996 |b 284AS01882  |c A*3642 S  |l AAKNAR  |s A  |a 24  |w stu77750_0002 
996 |b 284AS01747  |c A*3643 S  |l AAKNAR  |s A  |a 24  |w stu77750_0003 
996 |b 284AS01748  |c A*3644 S  |l AAKNAR  |s A  |a 24  |w stu77750_0004 
996 |b 284AS01750  |c A*3645 S  |l AAKNAR  |s A  |a 24  |w stu77750_0005 
996 |b 284AS01751  |c A*3646 S  |l AAKNAR  |s A  |a 24  |w stu77750_0006 
996 |b 284AS01752  |c A*3647 S  |l AAKNAR  |s A  |a 24  |w stu77750_0007 
996 |b 284AS02362  |c A*3629 S  |l AAKNST  |s P  |a 0  |w stu77750_0008 
996 |b 284AS01745  |c A*3640 S  |l AAKNAR  |s A  |a 24  |w stu77750_0009